[Newspaper clipping from the Bristol Mercury vol. 18 no. 917, Monday 11 May 1807] (Record no. 116375)

MARC details
000 -LEADER
fixed length control field 00793cam a22001935a 4500
001 - CONTROL NUMBER
control field L140586
008 - FIXED-LENGTH DATA ELEMENTS--GENERAL INFORMATION
fixed length control field 071001s1807 xxk eng u
035 ## - SYSTEM CONTROL NUMBER
System control number (Sirsi) u140586
041 0# - LANGUAGE CODE
Language code of text/sound track or separate title eng
245 01 - TITLE STATEMENT
Title [Newspaper clipping from the Bristol Mercury vol. 18 no. 917, Monday 11 May 1807]
260 ## - PUBLICATION, DISTRIBUTION, ETC.
Place of publication, distribution, etc. [Bristol]
Name of publisher, distributor, etc. s.n.
Date of publication, distribution, etc. 1807
300 ## - PHYSICAL DESCRIPTION
Extent 1 sheet
Other physical details mounted
Dimensions 27 x 34 cm.
351 ## - ORGANIZATION AND ARRANGEMENT OF MATERIALS
Hierarchical level Single item
500 ## - GENERAL NOTE
General note Newspaper cutting from the Bristol Mercury showing details of an auction to be held at Tewkesbury, as well as an advertisement for George Morris, 'land, timber and tythe surveyor and auctioneer'.
500 ## - GENERAL NOTE
General note Item is mounted on to card.
651 4# - SUBJECT ADDED ENTRY--GEOGRAPHIC NAME
Geographic name Gloucestershire
690 ## - LOCAL SUBJECT ADDED ENTRY--TOPICAL TERM (OCLC, RLIN)
Topical term or geographic name as entry element PROPERTY-PROPERTY ACQUISITION AND DISPOSAL-ACQUISITION AND DISPOSAL AT AUCTION
942 ## - ADDED ENTRY ELEMENTS (KOHA)
Suppress in OPAC 0
Holdings
Withdrawn status Lost status Source of classification or shelving scheme Damaged status Not for loan Home library Current library Shelving location Date acquired Total Checkouts Full call number Barcode Date last seen Copy number Price effective from Koha item type
    Dewey Decimal Classification     Historic collection Historic collection Historic collection 01/10/2007   MAP CABINET DRAWER 6 140586-2001 06/08/2019 1 06/08/2019 Archive